Managing the risk of delayed completion in the 21st century (Record no. 111772)

MARC details
000 -LEADER
fixed length control field 01171cad a22001815a 4500
001 - CONTROL NUMBER
control field E151976
008 - FIXED-LENGTH DATA ELEMENTS--GENERAL INFORMATION
fixed length control field 110117n xxk f 000 0 eng d
035 ## - SYSTEM CONTROL NUMBER
System control number (Sirsi) u151976
041 0# - LANGUAGE CODE
Language code of text/sound track or separate title eng
110 2# - MAIN ENTRY--CORPORATE NAME
Corporate name or jurisdiction name as entry element Chartered Institute of Building
9 (RLIN) 2134
245 00 - TITLE STATEMENT
Title Managing the risk of delayed completion in the 21st century
Medium [electronic resource]
260 ## - PUBLICATION, DISTRIBUTION, ETC.
Place of publication, distribution, etc. Ascot
Name of publisher, distributor, etc. CIOB
Date of publication, distribution, etc. [200?]
520 ## - SUMMARY, ETC.
Summary, etc. Presents the results of research into time-management issues, including the importance of project engineers and project schedulers managing time, and standards of education and training; the construction industry's knowledge and experience of different methods of project control, and time management, record keeping, monitoring and training; also looks at how current and recent projects have been dealt with in terms of extensions of time and compensation for delay related costs.
651 #4 - SUBJECT ADDED ENTRY--GEOGRAPHIC NAME
Geographic name United Kingdom
Chronological subdivision
690 ## - LOCAL SUBJECT ADDED ENTRY--TOPICAL TERM (OCLC, RLIN)
Topical term or geographic name as entry element Construction management
9 (RLIN) 6230
856 40 - ELECTRONIC LOCATION AND ACCESS
Uniform Resource Identifier <a href="https://www.ciob.org.uk/sites/ciob.org.uk/files/Managing%20the%20Risk%20of%20Delayed%20Completion%20in%20the%2021st%20Century.pdf">https://www.ciob.org.uk/sites/ciob.org.uk/files/Managing%20the%20Risk%20of%20Delayed%20Completion%20in%20the%2021st%20Century.pdf</a>
Public note View the survey free of charge (PDF file) at www.ciob.org.uk
942 ## - ADDED ENTRY ELEMENTS (KOHA)
Suppress in OPAC 0
Holdings
Withdrawn status Lost status Source of classification or shelving scheme Damaged status Not for loan Home library Current library Shelving location Date acquired Total Checkouts Full call number Barcode Date last seen Copy number Price effective from Koha item type
    Dewey Decimal Classification     Virtual Virtual Online 17/01/2011   ONLINE PUBLICATION 151976-1001 06/08/2019 1 06/08/2019 Book